000 00917nam a2200265Ia 4500
003 OSt
005 20220923225221.0
006 a|||||r|||| 00| 0
007 ta
008 Pun
020 _c100
024 _a260,512
037 _b543, 02/12/2011, H.K. Prakashan
_cTextual
040 _aARTS
_cARTS
_bPun
041 _2Pun
_aPun
082 _aQ8441:21:g, 153P5
100 _aਭੱਠਲ, ਰਵਿੰਦਰ ਸਿੰਘ, ਥਦ.
245 0 _aਸ੍ਰੀ ਗੁਰੂ ਗ੍ਰੰਥ ਸਾਹਿਬ
_b ਵਿਭਿੰਨ ਪਾਸਾਰ
260 _aਲੁਧਿਆਣਾ
_b ਪੰਜਾਬੀ ਯੂਨੀਵਰਸਿਟੀ
_c2005
300 _a183ਪੰ
_ccm.
650 _a ਧOਰੁ Fਸੱਢ
650 _aਧਰਮ
942 _hQ8441:21:g, 153P5
_cTEXL
_2CC
999 _c376793
_d376793